[Event "EU-chT Seniors 07th"]
[Site "Dresden"]
[Date "2005.02.18"]
[Round "1"]
[White "Schenk, Dieter"]
[Black "Bhend, Edwin"]
[Result "0-1"]
[WhiteElo "2000"]
[BlackElo "2240"]
[PlyCount "50"]
[EventDate "2005.02.18"]
[EventType "team-swiss"]
[EventRounds "8"]
[EventCountry "GER"]
[SourceTitle "EXT 2006"]
[Source "ChessBase"]
[SourceDate "2005.11.24"]
[SourceVersion "1"]
[SourceVersionDate "2005.11.24"]
[SourceQuality "1"]

1. e4 c5 2. c3 e6 3. d4 d5 4. e5 Nc6 5. Nf3 Qb6 6. a3 c4 7. b4 cxb3 8. Bb2 Na5 9. Nbd2 Bd7 10. c4 dxc4 11. Nxc4 Nxc4 12. Bxc4 Ne7 13. Qxb3 Qxb3 14. Bxb3 Bc6 15. 0-0 Nd5 16. Rfe1 Be7 17. Bc2 0-0 18. Be4 Bd8 19. Bc1 h6 20. Bd2 Be7 21. g4 Rac8 22. g5 h5 23. g6 fxg6 24. Bg5 Rxf3 25. Bxe7 Nxe7 0-1